000 00993nam a2200301Ia 4500
001 57255
003 CO-BoRNBP
005 20250606164028.0
007 ta
008 180109s9999 xx 000 0 und d
020 _a9788432209789
040 _aCO-BoRNBP
_bspa
_erda
_cCO-BoRNBP
041 _aspa
084 _aN AUS2
100 1 _aAuster, Paul,
_d1947-
245 1 0 _aEl país de las últimas cosas /
_cPaul Auster ; traducido por María Eugenia Ciocchini.
250 _aPrimera edición, reimpresión
264 1 _aBarcelona :
_bEditorial Planeta;2017
300 _a205 páginas ;
_c19 cm
336 _atexto
_btxt
_2rdacontent
337 _asin mediación
_bn
_2rdamedia
338 _avolumen
_bnc
_2rdacarrier
490 0 _aBooket : Biblioteca Paul Auster Novela
500 _aIncluye información biográfica del autor.
650 0 0 _aNovela estadounidense siglo xx audiolibros
_2LEMB
_960129
700 1 _aCiocchini, Maria Eugenia, 19..-, traductora
_960130
942 _2loc
_cBK
999 _c57255
_d57255